00821cam a22002531 4500001001300000003000400013005001700017008004100034010001700075025002000092035002000112040002300132042001200155050002400167100005500191245008500246260008800331300002100419500001700440500004200457700002200499740002900521999001700550sa 66001940 DLC20260227112226.0901231s1963 ii 000 0 sano  asa 66001940  aPL480:I-San-445 a(OCoLC)22913502 aDLCcWaUdWaUdDLC apremarc00aPK3798.S32bC3 19630 aŚāhajī,cKing of Tanjore,dactive 1684-1712.10aChandrasekhara vilasa natakam,cby Sahaji Maharaja. Edited by V. Sundara Sarma. aThanjavur,bO. A. Narayanaswami, Honorary Secretary, T. M. S. S. M. Library,c1963. a5, 21 p.c25 cm. aIn Sanskrit. aAdded title: Candraśekharavilāsa.2 aSundara Sarma, V.0 aCandraśekharavilāsa. c68082d68082